| 000 | 00354nam a2200157Ia 4500 | ||
|---|---|---|---|
| 008 | 230917s9999||||xx |||||||||||||| ||und|| | ||
| 020 | _cDM10 | ||
| 040 |
_e86448 _aMAIN |
||
| 041 | _aEnglish | ||
| 082 | _a514 J254T | ||
| 100 | _aJanich, Klaus | ||
| 245 | 0 | _aTopology | |
| 260 |
_aNew York _bSpringer-Verlag _c1984 |
||
| 300 | _a192 p. | ||
| 942 | _cBK | ||
| 999 |
_c102923 _d102923 |
||